000 00449nam a2200181Ia 4500
008 230711s9999||||xx |||||||||||||| ||und||
020 _a978-81-272-7047-6
041 _aENG
082 _a658
_bGU-H
100 _aGupta,Shashi K
245 0 _aHuman resource management
250 _a5th Ed.
260 _c2012
_aNew Delhi
_bKalyani Publishers House
300 _a965
650 _aUNIVESITY BUSNIESS SCHOOL
700 _aJoshi,Rosy
942 _cBK
999 _c5553
_d5553